000 00528nam a22001937a 4500
003 OSt
005 20140310182346.0
008 130313t xxu||||| |||| 00| 0 eng d
020 _a0673429547
050 _aQ 161.2
_b.Sc425m 1993
082 _aGS 500
_bD54 1993 M.D
245 _aMoving /
260 _aGlenview, Illinois :
_bScottForesman,
_c1993.
300 _a32 p. :
_bcol. ill. ;
_c28 cm.
440 _aDiscover the wonder
_921955
650 _aNatural science
_xmoving.
_921959
942 _2lcc
_cBK-GS
999 _c12235
_d12235